Chargement en cours...

Leebinte Pisachukkal

Détails bibliographiques
Auteur principal: Neenu Ansar
Format: eBook
Langue:Undetermined
Publié: Kottayam DC Books
Sujets:
LEADER 00378nam a2200133Ia 4500
008 161116s9999 xx 000 0 und d
100 |a Neenu Ansar 
245 |a Leebinte Pisachukkal 
260 |b DC Books  |a Kottayam 
650 |a Literature & Fiction 
650 |a Novel 
942 |c EB 
999 |c 114355  |d 114355 
952 |0 0  |1 0  |4 0  |7 0  |9 111112  |a MGUL  |b MGUL  |d 2016-11-16  |l 0  |r 2016-11-16  |w 2016-11-16  |y EB